[Event "Forchheim Elo op"]
[Site "Forchheim"]
[Date "2002.09.22"]
[Round "5"]
[White "Klundt, Klaus"]
[Black "Schaeffner, Klaus"]
[Result "1-0"]
[WhiteElo "2385"]
[BlackElo "2155"]
[PlyCount "103"]
[EventDate "2002.09.20"]
[EventType "swiss"]
[EventRounds "5"]
[EventCountry "GER"]
[SourceTitle "CBM 090 Extra"]
[Source "ChessBase"]
[SourceDate "2002.11.07"]
[SourceVersion "1"]
[SourceVersionDate "2002.11.07"]
[SourceQuality "1"]

1. e4 c6 2. d4 d5 3. exd5 cxd5 4. c4 Nf6 5. Nc3 e6 6. Nf3 Bb4 7. cxd5 Nxd5 8. Bd2 Nc6 9. Bd3 Be7 10. 0-0 0-0 11. a3 Bf6 12. Be3 Nxc3 13. bxc3 e5 14. dxe5 Nxe5 15. Nxe5 Bxe5 16. Bxh7+ Kxh7 17. Qh5+ Kg8 18. Qxe5 Re8 19. Qg3 Re6 20. Rfd1 Qe8 21. Qc7 Re7 22. Rd8 Rxc7 23. Rxe8+ Kh7 24. Bd4 b6 25. Rae1 Bb7 26. R8e3 Rf8 27. Rh3+ Kg8 28. Rg3 f6 29. h4 Kf7 30. f3 Bc6 31. Rg4 Re8 32. Rxe8 Bxe8 33. h5 Rc6 34. Rh4 a6 35. Kf2 b5 36. g4 Kf8 37. h6 Kg8 38. hxg7 Kxg7 39. g5 Kg6 40. Bxf6 Kf5 41. Kg3 Rc4 42. Rh7 Ra4 43. Re7 Bc6 44. Re5+ Kg6 45. Rc5 Bd7 46. Rd5 Bc8 47. Bd4 Rxa3 48. Kf4 Ra2 49. Rd6+ Kf7 50. Rc6 Bd7 51. g6+ Ke7 52. Bf6+ 1-0

[Event "Forchheim Elo op"]
[Site "Forchheim"]
[Date "2002.09.22"]
[Round "2"]
[White "Wunder, Stefan"]
[Black "Schaeffner, Klaus"]
[Result "0-1"]
[WhiteElo "2095"]
[BlackElo "2155"]
[PlyCount "70"]
[EventDate "2002.09.20"]
[EventType "swiss"]
[EventRounds "5"]
[EventCountry "GER"]
[SourceTitle "CBM 090 Extra"]
[Source "ChessBase"]
[SourceDate "2002.11.07"]
[SourceVersion "1"]
[SourceVersionDate "2002.11.07"]
[SourceQuality "1"]

1. Nf3 d5 2. d4 c6 3. g3 Nf6 4. Bg2 Bg4 5. Ne5 Bh5 6. c4 e6 7. 0-0 Nbd7 8. Nxd7 Qxd7 9. b3 Be7 10. Bb2 0-0 11. Nd2 Rad8 12. Re1 Qc7 13. a3 dxc4 14. Nxc4 c5 15. Qd2 b6 16. Ne5 Qxe5 17. dxe5 Rxd2 18. Bc1 Rxe2 19. Rxe2 Bxe2 20. exf6 Bxf6 21. Ra2 Bh5 22. Be4 Rd8 23. Kg2 Bg6 24. Bf3 Kf8 25. h4 Bb1 26. Re2 Bd3 27. Re1 Bc3 28. Re3 Bf6 29. a4 Bc2 30. Be4 Bxe4+ 31. Rxe4 Rd3 32. b4 cxb4 33. Rxb4 Rd4 34. Rxd4 Bxd4 35. Bd2 Ke7 0-1

[Event "Forchheim Elo op"]
[Site "Forchheim"]
[Date "2002.09.21"]
[Round "3"]
[White "Doeres, Hans Juergen"]
[Black "Schaeffner, Klaus"]
[Result "1-0"]
[WhiteElo "2271"]
[BlackElo "2155"]
[PlyCount "90"]
[EventDate "2002.09.20"]
[EventType "swiss"]
[EventRounds "5"]
[EventCountry "GER"]
[SourceTitle "CBM 090 Extra"]
[Source "ChessBase"]
[SourceDate "2002.11.07"]
[SourceVersion "1"]
[SourceVersionDate "2002.11.07"]
[SourceQuality "1"]

1. Nf3 c6 2. d3 d5 3. g3 Nf6 4. Bg2 Bg4 5. Ne5 Bh5 6. 0-0 e6 7. Qe1 Be7 8. e4 0-0 9. Nd2 Nfd7 10. f4 f6 11. Nef3 Na6 12. a3 Re8 13. Kh1 Qc7 14. b4 Bf7 15. Bb2 b5 16. c4 bxc4 17. dxc4 Qb7 18. Rb1 Nc7 19. c5 a5 20. Bc3 axb4 21. axb4 Nb5 22. Nb3 dxe4 23. Nfd4 Nxd4 24. Bxd4 f5 25. Na5 Qc7 26. Qc3 Bf6 27. Nc4 Reb8 28. Rfd1 Bxd4 29. Qxd4 Nf6 30. Nb6 Ra7 31. Bf1 Nd5 32. b5 cxb5 33. Bxb5 h6 34. Bd7 g6 35. Bxe6 Bxe6 36. Nxd5 Bxd5 37. Qxd5+ Kh7 38. c6 h5 39. Qc5 Rxb1 40. Rxb1 Kg8 41. Kg2 h4 42. Rb2 g5 43. fxg5 f4 44. Qd5+ Kg7 45. Qd4+ Kg8 1-0